000 00691nam a2200241Ia 4500
003 OSt
005 20220928104719.0
006 a|||||r|||| 00| 0
007 ta
008 220927b |||||||| |||| 00| 0 eng d
024 _a48485
037 _cTextual
040 _aSDCL
_cSDCL
_beng
041 _2eng
_aeng
082 _aX72.5'N9, N4
100 _aBaldassarri Mario Ed.
_9411657
245 0 _aFiscal problems in the single-market Europe.
260 _aNew York
_b Martin's Press
_c1994
300 _a299p
_ccm.
700 _a Roberti Paolo Ed.
_9411658
942 _hX72.5'N9, N4
_cTEXL
_2CC
999 _c727356
_d727356